The whole story
Uloženo v:
| Hlavní autor: | |
|---|---|
| Médium: | Kniha |
| Jazyk: | angličtina |
| Vydáno: |
Essex
Longman
1990
|
| Témata: | |
| Tagy: |
Přidat tag
Žádné tagy, Buďte první, kdo vytvoří štítek k tomuto záznamu!
|
MARC
| LEADER | 00000nam a2200000 a 4500 | ||
|---|---|---|---|
| 001 | UCX5908 | ||
| 003 | CL-VaPUC | ||
| 008 | 930304e19900000UK |||||||||||||||||eng|d | ||
| 082 | 0 | 4 | |a 428.8 |b ROS |2 21 |
| 100 | 0 | |a Rossner, Richard |e author |9 322253 | |
| 245 | 1 | 4 | |a The whole story |
| 300 | |a 112 p | ||
| 942 | |c BK | ||
| 945 | |d 19930304 00:00:00 | ||
| 260 | |a Essex |b Longman |c 1990 | ||
| 650 | 7 | |a INGLES COMPRENSION |2 CL-VaPUC |9 313403 | |
| 650 | 7 | |a INGLES EJERCICIOS DE LECTURA |2 CL-VaPUC |9 315288 | |
| 583 | |a last modification |c 20120711 09:41:07 |k Rodrigo Vera | ||
| 999 | |c 226031 |d 226029 | ||
| 952 | |0 0 |1 0 |4 0 |6 428_800000000000000_ROS_1990 |7 0 |8 A |9 224056 |a BIBEDU |b BIBEDU |d 2019-11-15 |i 2929031 |o 428.8 ROS 1990 |p 2929031 |r 2019-11-15 |w 2019-11-15 |y BK |k LIT | ||